00536nam a22001457a 450000500170000000800410001702000160005804100130007408200150008710000130010224501070011526001170022230000260033965000250036520231123114752.0231123b |||||||| |||| 00| 0 eng d a929037091.2 aEnglish  a341.48 CEN lEnglish  aAttacks on Justice : bThe Harassment and Persecution of Judges and Lawyers / cedited by MA Rishmawi  aGeneva : bCentre for the Independence of Judges and Lawyers of the International Commission of Jurists, c1996  b316 pages ; c23 cm.  aLegal practice bLaw